000 01063nam a2200253Ia 4500
003 OSt
005 20220923213409.0
006 a|||||r|||| 00| 0
007 ta
008 220922b |||||||| |||| 00| 0 hin d
024 _a161,471
037 _cTextual
040 _aARTS
_cARTS
_bhin
041 _2hin
_ahin
082 _aO152,2M90:g(S), K3
100 _aजैसवाल, श्याम मुरारी; अवस्थी, हरि कृष्ण, संपा.
_9163037
245 0 _aजी पी श्रीवास्तव की कृतियों में हास्य विनोद
246 _aJī pī shrīvāstav kī kṛutiyoan mean hāsya vinoda
260 _c1963
490 _aसेकसरिया अध्ययन माला; 10
650 _aहिन्दी साहित्य
_9156264
942 _hO152,2M90:g(S), K3
_cTEXL
_2CC
999 _c316142
_d316142